| 000 | 00555nam a22001697a 4500 | ||
|---|---|---|---|
| 003 | MACL | ||
| 005 | 20170609172243.0 | ||
| 008 | 160717b xxu||||| |||| 00| 0 eng d | ||
| 040 | _cMACL | ||
| 041 | _aHindi | ||
| 082 | _a332 | ||
| 100 |
_asuchit Kumar _964579 |
||
| 245 |
_aरेलवे भर्ती बोर्ड परीक्षा हेतु रेलवे सामान्य अध्ययन _cसुचित कुमार |
||
| 260 |
_aपटना _bspeedy _c |
||
| 650 |
_aरेलवे _964580 |
||
| 942 |
_2ddc _cHIN |
||
| 999 |
_c54344 _d54344 |
||